| 000 | 00555nam a2200193 i 4500 | ||
|---|---|---|---|
| 001 | 20328 | ||
| 003 | ES-MaACL | ||
| 005 | 20230906152258.0 | ||
| 007 | t| | ||
| 008 | 021111s1922 sp |||| | spa d | ||
| 100 | 1 |
_aAguilar Catena, J. _918716 |
|
| 245 | 1 | 0 |
_aPara entrar en el paraiso _b: novela / _cJ. Aguilar Catena. |
| 260 |
_aBarcelona : _bJuventud, _c[1922] ( _fClarasó) |
||
| 300 |
_a314 p. ; _c19 cm. |
||
| 490 | 1 | _aNueva colección hogar | |
| 830 | 0 |
_aNueva colección hogar _9228920 |
|
| 852 |
_aES-MaACL _jA-1128 |
||
| 999 |
_c20328 _d20328 |
||